[Event "Cto de Aragón Eq Fase II"]
[Site "Aragón"]
[Date "2016.03.12"]
[Round "7.17"]
[White "Moreno Gracia, Daniel"]
[Black "Cebrian Valverde, Jose Antonio"]
[Result "0-1"]
[WhiteElo "2337"]
[BlackElo "2144"]
[PlyCount "88"]
[EventDate "2016.??.??"]
[WhiteTeam "L'Aurora Estadilla A"]
[BlackTeam "San Jose"]

1. c4 e6 2. g3 d5 3. d4 Nf6 4. Bg2 Be7 5. Nf3 O-O 6. O-O dxc4 7. Qc2 a6 8. a4
c5 9. dxc5 Bxc5 10. Na3 b5 11. Bg5 Qb6 12. Bxf6 gxf6 13. axb5 Bb7 14. Nxc4 Qc7
15. bxa6 Nxa6 16. Rac1 Rfd8 17. Qc3 Kg7 18. Nh4 Bxg2 19. Nxg2 Nb4 20. Nf4 Na2
21. Nh5+ Kf8 22. Qxf6 Nxc1 23. Rxc1 Bd4 24. Qh6+ Ke7 25. Qg5+ Kf8 26. Nf6 Rac8
27. Nxh7+ Ke8 28. e3 Bh8 29. Qb5+ Ke7 30. Ng5 Rd5 31. Qb4+ Qc5 32. Qb7+ Rc7 33.
Qb8 Rd8 34. Qb3 Qxg5 35. Qa3+ Qc5 36. b4 Qa7 37. Qb3 Rb8 38. Rb1 Rbc8 39. Rc1
Rb7 40. Rc2 Rcb8 41. Qd3 Rd7 42. Qe4 Rxb4 43. Rc1 Qc5 44. g4 Rc7 0-1

[Event "Cto de Aragón Eq Fase II"]
[Site "Aragón"]
[Date "2016.03.12"]
[Round "7.18"]
[White "Gutierrez Mingueza, Ruben"]
[Black "Solano Lasierra, Javier"]
[Result "1/2-1/2"]
[WhiteElo "2075"]
[BlackElo "2117"]
[PlyCount "146"]
[EventDate "2016.??.??"]
[WhiteTeam "San Jose"]
[BlackTeam "L'Aurora Estadilla A"]

1. d4 d5 2. Nf3 Nf6 3. g3 Bf5 4. Bg2 e6 5. O-O Be7 6. c4 c6 7. b3 a5 8. Nc3 O-O
9. Bb2 Nbd7 10. Ne5 Nxe5 11. dxe5 Nd7 12. e4 dxe4 13. Nxe4 Bxe4 14. Bxe4 Nc5
15. Bc2 Qxd1 16. Rfxd1 Rfd8 17. Kf1 Kf8 18. Ke2 a4 19. Rxd8+ Bxd8 20. b4 a3 21.
Bd4 Na6 22. Rb1 Be7 23. Bc3 Rc8 24. Be4 g6 25. Rb3 Ke8 26. c5 Nc7 27. Rxa3 Nb5
28. Rb3 Ra8 29. Bb1 Kd7 30. Bb2 h5 31. a3 Bd8 32. f4 Be7 33. Rd3+ Ke8 34. Ba2
Bd8 35. Bc4 Nc7 36. h3 Be7 37. g4 h4 38. g5 Bd8 39. Kf3 Ke7 40. Kg4 Ne8 41. Rb3
Ra4 42. Rc3 Nc7 43. Kxh4 Ne8 44. Kg4 Ng7 45. Bb3 Ra8 46. Bc2 Bc7 47. Be4 Rd8
48. Rd3 Ra8 49. Kf3 Rh8 50. Ke2 Rh4 51. Bc1 Bxe5 52. Bxc6 bxc6 53. fxe5 Nf5 54.
Bd2 Rc4 55. Bc3 Ke8 56. a4 Ne7 57. Bd2 Nd5 58. Rb3 Kd7 59. Kd3 Rh4 60. Kc2 Re4
61. a5 Rxe5 62. a6 Kc8 63. b5 cxb5 64. Rxb5 Nc7 65. a7 Re4 66. Rb8+ Kd7 67.
a8=Q Nxa8 68. Rxa8 Rc4+ 69. Kd3 Rxc5 70. Ra7+ Ke8 71. Ra8+ Kd7 72. Ra7+ Ke8 73.
Ra8+ Kd7 1/2-1/2

[Event "Cto de Aragón Eq Fase II"]
[Site "Aragón"]
[Date "2016.03.12"]
[Round "7.19"]
[White "Pellicer Cerezuela, Miguel"]
[Black "Ferreruela Romero, Jose Joaqui"]
[Result "0-1"]
[WhiteElo "2048"]
[BlackElo "2000"]
[PlyCount "100"]
[EventDate "2016.??.??"]
[WhiteTeam "L'Aurora Estadilla A"]
[BlackTeam "San Jose"]

1. d4 d5 2. c4 Bf5 3. Nc3 e6 4. cxd5 exd5 5. Qb3 Nc6 6. Be3 Nf6 7. Nf3 Bb4 8.
g3 O-O 9. Bg2 Ng4 10. Bd2 Bxc3 11. Bxc3 Re8 12. O-O Rb8 13. Nh4 Be6 14. Rad1
Ne7 15. Qc2 c6 16. Bd2 Ng6 17. Nxg6 hxg6 18. Bf4 Ra8 19. f3 Nf6 20. e4 Qa5 21.
a3 Qb6 22. Kh1 dxe4 23. fxe4 Bb3 24. Qb1 Bxd1 25. Rxd1 Rad8 26. Bg5 Rxd4 27.
Rf1 Qb5 28. Be3 Rdd8 29. Qc2 Ng4 30. Bg1 Qd3 31. Qc1 Rxe4 32. Qg5 Nf6 33. Bf3
Rd5 34. Qc1 Rc4 35. Qe1 Rf5 36. Bg2 Rxf1 37. Bxf1 Qe4+ 38. Qxe4 Rxe4 39. Bxa7
Re1 40. Kg2 Nd5 41. Kf2 Rc1 42. Bd3 f5 43. Kf3 Rh1 44. h4 Kf7 45. Bd4 b5 46.
Bc2 f4 47. gxf4 Rxh4 48. Be5 Ke6 49. Bxg7 Nf6 50. Ke3 Ng4+ 0-1

[Event "Cto de Aragón Eq Fase II"]
[Site "Aragón"]
[Date "2016.03.12"]
[Round "7.20"]
[White "Palomar Ramon, Santiago"]
[Black "Pellicer Cemeli, Jose Luis"]
[Result "0-1"]
[WhiteElo "1980"]
[BlackElo "1963"]
[PlyCount "74"]
[EventDate "2016.??.??"]
[WhiteTeam "San Jose"]
[BlackTeam "L'Aurora Estadilla A"]

1. e4 e6 2. d4 d5 3. e5 c5 4. c3 Nc6 5. Nf3 Qb6 6. a3 c4 7. Nbd2 Na5 8. g3 Bd7
9. Bg2 Ne7 10. O-O f6 11. exf6 gxf6 12. Ne1 O-O-O 13. Qe2 h5 14. h4 Nf5 15. Nc2
Bh6 16. Rb1 Bxd2 17. Bxd2 Nb3 18. Bf4 Be8 19. Rfe1 Bf7 20. Ne3 Nbxd4 21. cxd4
Nxd4 22. Qf1 e5 23. Nxc4 dxc4 24. Be3 Qb3 25. Bxd4 Rxd4 26. Be4 Be6 27. Re3 Qb6
28. Qe1 Rhd8 29. Re2 Bg4 30. b3 Bxe2 31. Qxe2 c3 32. Qc2 Kb8 33. Rf1 Qc5 34.
Bg2 Rd2 35. Qe4 Qc7 36. Kh2 c2 37. Rc1 Rxf2 0-1

[Event "Cto de Aragón Eq Fase II"]
[Site "Aragón"]
[Date "2016.03.12"]
[Round "7.21"]
[White "Forcen Esteban, Daniel"]
[Black "Lana Rodriguez, David"]
[Result "1-0"]
[WhiteElo "2555"]
[BlackElo "2260"]
[PlyCount "121"]
[EventDate "2016.??.??"]
[WhiteTeam "Jaime Casas A"]
[BlackTeam "Agrupacion A"]

1. e4 e5 2. Nf3 Nc6 3. Bc4 Nf6 4. Ng5 d5 5. exd5 b5 6. Bf1 Nd4 7. c3 Nxd5 8.
cxd4 Qxg5 9. Bxb5+ Kd8 10. O-O Nf4 11. Bc6 Bg4 12. Bf3 e4 13. Bxg4 h5 14. Bf3
Bd6 15. d3 exf3 16. Qxf3 Qd5 17. Qxd5 Nxd5 18. a3 Re8 19. Nc3 Ne7 20. Re1 Kd7
21. Be3 f5 22. f4 a5 23. g3 Rab8 24. Re2 Rb3 25. Rc1 h4 26. Rcc2 hxg3 27. hxg3
g5 28. Kf2 gxf4 29. Bxf4 Bxf4 30. gxf4 Rh8 31. Na4 Rh2+ 32. Kg3 Rxe2 33. Nc5+
Ke8 34. Rxe2 Rb6 35. Ne6 Rb3 36. Nxc7+ Kd7 37. Ne6 Rxd3+ 38. Kh4 Kd6 39. Ng7
Rf3 40. Kg5 Rg3+ 41. Kf6 Nd5+ 42. Kf7 Rf3 43. Nxf5+ Kd7 44. Re5 Nxf4 45. Rxa5
Rb3 46. d5 Rxb2 47. Ra7+ Kd8 48. d6 Rb6 49. Ra4 Nd3 50. Ra8+ Kd7 51. Ra7+ Kd8
52. Ke6 Nc5+ 53. Kd5 Nb7 54. a4 Kd7 55. Ke5 Kc8 56. Ra8+ Kd7 57. Rh8 Nc5 58.
Kd5 Nb7 59. Rh7+ Kd8 60. Rg7 Rb4 61. Nd4 1-0

[Event "Cto de Aragón Eq Fase II"]
[Site "Aragón"]
[Date "2016.03.12"]
[Round "7.23"]
[White "Ramiro Ovejero, Juan Luis"]
[Black "Mimbela Lopez, Miguel A"]
[Result "1-0"]
[WhiteElo "2370"]
[BlackElo "2149"]
[PlyCount "69"]
[EventDate "2016.??.??"]
[WhiteTeam "Jaime Casas A"]
[BlackTeam "Agrupacion A"]

1. d4 Nf6 2. Nf3 g6 3. Nc3 d5 4. Bf4 Bg7 5. Qd2 O-O 6. Bh6 c5 7. dxc5 Ne4 8.
Nxe4 dxe4 9. Bxg7 Kxg7 10. O-O-O Qxd2+ 11. Nxd2 e3 12. fxe3 Na6 13. g3 Nxc5 14.
Bg2 Bf5 15. Nb3 Rac8 16. Nxc5 Rxc5 17. c3 Rc7 18. Rd4 b5 19. a4 Rb8 20. Rb4 a6
21. Rd1 Bd7 22. axb5 Bxb5 23. Rd5 Rc4 24. Rxc4 Bxc4 25. Rd4 Bxe2 26. b4 Rc8 27.
Kb2 Rc7 28. Kb3 e5 29. Rd6 Bc4+ 30. Kc2 Kf8 31. Rb6 Ra7 32. Rc6 Bb5 33. Rc5 Rd7
34. c4 Ba4+ 35. Kc3 1-0

[Event "Cto de Aragón Eq Fase II"]
[Site "Aragón"]
[Date "2016.03.12"]
[Round "7.24"]
[White "Carruez Berges, Santiago"]
[Black "Fontana Sotomayor, Luis Javier"]
[Result "0-1"]
[WhiteElo "2046"]
[BlackElo "2315"]
[PlyCount "150"]
[EventDate "2016.??.??"]
[WhiteTeam "Agrupacion A"]
[BlackTeam "Jaime Casas A"]

1. e4 c6 2. d4 d5 3. e5 Bf5 4. Nf3 e6 5. Be2 Nd7 6. O-O Ne7 7. Nbd2 c5 8. c3
Nc6 9. Re1 Rc8 10. dxc5 Ndxe5 11. Nb3 Nxf3+ 12. Bxf3 Be7 13. Nd4 Bg6 14. b4 O-O
15. Bf4 Bf6 16. Qd2 b6 17. Bd6 Re8 18. Nxc6 Rxc6 19. Rad1 bxc5 20. Bxc5 Rc7 21.
Qe3 Bg5 22. Qe2 Be7 23. Bd4 Qd7 24. Qb2 Bf8 25. Qa3 Rec8 26. Qa6 Bc2 27. Rd2
Ba4 28. Qe2 Qb5 29. Qe5 Qc6 30. h4 Qd6 31. Qg5 h6 32. Qg4 Qd7 33. a3 Bb5 34.
Qg3 Rc6 35. Be5 Rc4 36. Re3 a6 37. Bh5 Qe7 38. Rf3 f5 39. Bd4 Be8 40. Bxe8 Qxe8
41. Re2 Qf7 42. Qe5 R4c6 43. Rg3 R8c7 44. f4 Qh5 45. Ree3 Rf7 46. Ref3 Kh7 47.
a4 Qxh4 48. Rh3 Qf6 49. Qe2 Qd8 50. Re3 Qd7 51. Qh5 e5 52. fxe5 f4 53. Re2 Rg6
54. Rf2 Rf5 55. Qf3 Rfg5 56. Rh4 Rg3 57. Qxf4 Be7 58. Rh5 Qxa4 59. Qf5 Qd1+ 60.
Kh2 Bxb4 61. Rh3 R3g5 62. Qf3 Qxf3 63. Rhxf3 Be7 64. Rf7 Re6 65. Rb2 Kg6 66.
Rf3 Rh5+ 67. Kg1 Rf5 68. Kf2 h5 69. Rb8 Rxf3+ 70. Kxf3 Kf5 71. Re8 h4 72. Rb8
g6 73. Rb7 g5 74. Rd7 g4+ 75. Kf2 Ke4 0-1

[Event "Cto de Aragón Eq Fase II"]
[Site "Aragón"]
[Date "2016.03.12"]
[Round "7.25"]
[White "Gracia Campo, Carlos Alberto"]
[Black "Gomez Anadon, Daniel"]
[Result "1/2-1/2"]
[WhiteElo "2084"]
[BlackElo "2212"]
[PlyCount "59"]
[EventDate "2016.??.??"]
[WhiteTeam "El Olivar B"]
[BlackTeam "St. Casablanca B"]

1. e4 c5 2. Nf3 d6 3. d4 Nf6 4. Nc3 cxd4 5. Qxd4 a6 6. Bc4 Nc6 7. Qd3 Bg4 8.
Bf4 Qc7 9. a3 Bxf3 10. gxf3 e6 11. O-O-O Rd8 12. Rhg1 Nh5 13. Qe3 Nxf4 14. Qxf4
g6 15. h4 h5 16. Qf6 Rg8 17. Bxe6 Bh6+ 18. Kb1 fxe6 19. Rxg6 Bg7 20. Qxe6+ Kf8
21. Rd5 Ne7 22. Rxh5 Qd7 23. Nd5 Qxe6 24. Rxe6 Nxd5 25. exd5 Bd4 26. Rf5+ Kg7
27. Rg5+ Kf7 28. Rf5+ Kg7 29. Rg5+ Kf7 30. Rf5+ 1/2-1/2

[Event "Cto de Aragón Eq Fase II"]
[Site "Aragón"]
[Date "2016.03.12"]
[Round "7.26"]
[White "Gimenez Martinez, Alberto"]
[Black "Veras Sanz, Marino"]
[Result "1-0"]
[WhiteElo "2184"]
[BlackElo "2057"]
[PlyCount "129"]
[EventDate "2016.??.??"]
[WhiteTeam "St. Casablanca B"]
[BlackTeam "El Olivar B"]

1. e4 c5 2. Nf3 d6 3. d4 cxd4 4. Nxd4 Nf6 5. Nc3 g6 6. Be3 Bg7 7. f3 O-O 8. Bc4
Nc6 9. Qd2 Bd7 10. O-O-O Rc8 11. Bb3 Ne5 12. Kb1 Nc4 13. Bxc4 Rxc4 14. g4 b5
15. b3 Rc7 16. Ndxb5 Bxb5 17. Nxb5 Rb7 18. Nd4 Qc7 19. Bh6 Rc8 20. Bxg7 Kxg7
21. h4 Qc3 22. Qxc3 Rxc3 23. Kb2 Rc5 24. Ne2 Nd7 25. Nf4 Nb6 26. Rh2 Na4+ 27.
Ka1 Nc3 28. Rd3 a5 29. Nd5 Nxd5 30. Rxd5 Rxd5 31. exd5 Kf6 32. Re2 e6 33. dxe6
fxe6 34. c4 h5 35. g5+ Kf5 36. Rd2 Rb6 37. Rd4 e5 38. Re4 d5 39. cxd5 Rb5 40.
Kb2 Rxd5 41. Kc2 Rc5+ 42. Rc4 Rd5 43. a3 Rb5 44. Re4 Rc5+ 45. Kd2 Rb5 46. b4
axb4 47. axb4 Rd5+ 48. Ke2 Rb5 49. Rc4 Rb6 50. Ke3 Ra6 51. Rc3 Rb6 52. Rb3 e4
53. fxe4+ Kg4 54. b5 Kxh4 55. Kf4 Rb8 56. b6 Rf8+ 57. Ke5 Kxg5 58. b7 Rb8 59.
Kd6 Kf4 60. e5 h4 61. e6 Kf5 62. e7 Kf6 63. Rf3+ Kg7 64. Kc7 Re8 65. b8=Q 1-0

[Event "Cto de Aragón Eq Fase II"]
[Site "Aragón"]
[Date "2016.03.12"]
[Round "7.27"]
[White "Bailo Remacha, Santiago"]
[Black "Labena Bernal, Antonio"]
[Result "0-1"]
[WhiteElo "2036"]
[BlackElo "2109"]
[PlyCount "141"]
[EventDate "2016.??.??"]
[WhiteTeam "El Olivar B"]
[BlackTeam "St. Casablanca B"]

1. g3 d5 2. Bg2 c6 3. b3 e5 4. Bb2 Bd6 5. c4 Nf6 6. d4 e4 7. e3 Bg4 8. f3 exf3
9. Nxf3 Qe7 10. Qd3 Nbd7 11. O-O O-O 12. Nc3 Rfe8 13. Rae1 Bh5 14. Nh4 Bb4 15.
cxd5 cxd5 16. Nf5 Qe6 17. Qb5 Bxc3 18. Bxc3 Bg4 19. e4 dxe4 20. Nxg7 Kxg7 21.
Qg5+ Kf8 22. d5 Qb6+ 23. Kh1 Bf3 24. Qh6+ Kg8 25. g4 Rac8 26. Ba1 Ne5 27. Bxf3
Nxd5 28. Qxb6 Nxb6 29. Bxe4 Ng6 30. Bxb7 Rcd8 31. Bf6 Rb8 32. Bc6 Rec8 33. Be4
Re8 34. Bf5 Nd5 35. Bd4 a5 36. Be4 Nb4 37. a3 Na6 38. Re3 Nc7 39. Rf5 Rbd8 40.
Bb6 Rd1+ 41. Kg2 Nh4+ 42. Kf2 Nxf5 43. gxf5 Nd5 44. Bxd5 Rxe3 45. Bxf7+ Kxf7
46. Kxe3 Rb1 47. Bxa5 Rxb3+ 48. Kf4 Rxa3 49. Bd8 Rh3 50. Kg4 Rxh2 51. Bh4 Rd2
52. Bg5 Rd1 53. Kh5 Rg1 54. Bh4 Rd1 55. Bg5 Rd5 56. Kg4 Kg7 57. Be7 Rd4+ 58.
Kh5 Rd1 59. Bg5 Rh1+ 60. Kg4 h5+ 61. Kg3 Kf7 62. Kg2 Rd1 63. Kf3 Rd4 64. Kf2
Rg4 65. Bd8 Rd4 66. Bg5 h4 67. Be3 Rd3 68. Ke2 h3 69. Bg1 Rg3 70. Kf1 Kf6 71.
Bb6 0-1

[Event "Cto de Aragón Eq Fase II"]
[Site "Aragón"]
[Date "2016.03.12"]
[Round "7.28"]
[White "Jaques Burguete, Raul"]
[Black "Arinez Bruna, Octavio"]
[Result "1/2-1/2"]
[WhiteElo "2011"]
[BlackElo "1937"]
[PlyCount "55"]
[EventDate "2016.??.??"]
[WhiteTeam "St. Casablanca B"]
[BlackTeam "El Olivar B"]

1. e4 c5 2. Nf3 d6 3. d4 cxd4 4. Qxd4 a6 5. Bc4 Nc6 6. Qd3 Nf6 7. O-O e6 8. Bg5
Be7 9. Nc3 O-O 10. Rad1 b5 11. Bb3 Bb7 12. Bxf6 gxf6 13. Qe3 Kh8 14. Ne2 Rg8
15. Qh6 Qf8 16. Qh5 Qg7 17. Ng3 Qg6 18. Qh3 Qg4 19. Qxg4 Rxg4 20. c3 Ne5 21.
Nxe5 fxe5 22. f3 Rgg8 23. a4 Rgd8 24. axb5 axb5 25. f4 Bh4 26. fxe5 Bxg3 27.
Rxf7 Bxe4 28. hxg3 1/2-1/2

[Event "Cto Aragon Equipos 2016 Pref Gr I"]
[Site "Aragon"]
[Date "2016.03.12"]
[Round "7.29"]
[White "Sanmartin Agustin, Borja"]
[Black "Planas Torrea, Francisco Javie"]
[Result "1/2-1/2"]
[WhiteElo "2016"]
[BlackElo "2040"]
[PlyCount "127"]
[EventDate "2016.??.??"]
[EventType "team-tourn"]
[EventRounds "9"]
[WhiteTeam "El Olivar C"]
[BlackTeam "Ejea"]

1. e4 c6 2. d4 d5 3. exd5 cxd5 4. c4 Nf6 5. Nc3 e6 6. Nf3 Be7 7. Bd3 dxc4 8.
Bxc4 O-O 9. O-O Nc6 10. Re1 a6 11. a3 Re8 12. d5 exd5 13. Nxd5 Be6 14. Nxe7+
Rxe7 15. Bxe6 Rxe6 16. Bg5 Qxd1 17. Rexd1 Rae8 18. Bxf6 Rxf6 19. Rd7 b5 20. Rc1
Rfe6 21. Kf1 h6 22. Rc7 Na5 23. Nd2 Rd6 24. Rc8 Kf8 25. Ne4 Rd1+ 26. Rxd1 Rxc8
27. Ke2 Nc4 28. Nd6 Nxd6 29. Rxd6 Rc2+ 30. Rd2 Rc6 31. Kd3 Ke7 32. Rc2 Rxc2 33.
Kxc2 Kd6 34. Kb3 a5 35. Kc3 Kd5 36. Kd3 f5 37. b3 g5 38. g3 g4 39. Ke3 a4 40.
bxa4 bxa4 41. Kd3 Kc5 42. Kc3 h5 43. Kd3 Kd5 44. Kc3 Ke4 45. Kb4 Kf3 46. Kxa4
Kxf2 47. Kb3 Kg2 48. a4 Kxh2 49. a5 f4 50. gxf4 g3 51. a6 g2 52. a7 g1=Q 53.
a8=Q Qe3+ 54. Kc2 Qxf4 55. Kd3 Kg3 56. Qg8+ Qg4 57. Qb8+ Kh3 58. Qf8 Qg3+ 59.
Ke2 h4 60. Qf3 Kh2 61. Qf2+ Qxf2+ 62. Kxf2 h3 63. Kf1 Kh1 64. Kf2 1/2-1/2

[Event "Cto Aragon Equipos 2016 Pref Gr I"]
[Site "Aragon"]
[Date "2016.03.12"]
[Round "7.30"]
[White "Planas Torrea, Alberto"]
[Black "De La Riva Fernandez, Eduardo"]
[Result "0-1"]
[WhiteElo "1967"]
[BlackElo "1922"]
[PlyCount "66"]
[EventDate "2016.??.??"]
[EventType "team-tourn"]
[EventRounds "9"]
[WhiteTeam "Ejea"]
[BlackTeam "El Olivar C"]

1. e4 e6 2. d4 d5 3. e5 c5 4. c3 Nc6 5. Nf3 Qb6 6. Be2 cxd4 7. cxd4 Nh6 8. O-O
Nf5 9. Nc3 Be7 10. Na4 Qd8 11. a3 O-O 12. g4 Nh4 13. Nxh4 Bxh4 14. Be3 f6 15.
f4 fxe5 16. fxe5 b6 17. Qc2 Bd7 18. Bd3 Qe7 19. Bxh7+ Kh8 20. Bd3 Bg5 21. Qd2
Bxe3+ 22. Qxe3 Qh4 23. Be2 Nxe5 24. Qxe5 Bxa4 25. Qd6 Rfd8 26. Qf4 Bc2 27. Rac1
Be4 28. Bf3 Rf8 29. Qe3 Qh3 30. Rc3 Bxf3 31. Rxf3 Qxg4+ 32. Rg3 Qd1+ 33. Kg2
Qf1# 0-1

[Event "Cto Aragon Equipos 2016 Pref Gr I"]
[Site "Aragon"]
[Date "2016.03.12"]
[Round "7.31"]
[White "Hernandez Delgado, Gabriel"]
[Black "Larios Villa, Francisco Javier"]
[Result "1/2-1/2"]
[WhiteElo "1905"]
[BlackElo "1922"]
[PlyCount "83"]
[EventDate "2016.??.??"]
[EventType "team-tourn"]
[EventRounds "9"]
[WhiteTeam "El Olivar C"]
[BlackTeam "Ejea"]

1. Nf3 Nf6 2. g3 g6 3. Bg2 Bg7 4. O-O O-O 5. d3 d6 6. Nbd2 e5 7. e4 Nh5 8. c3
c6 9. d4 Bg4 10. Nc4 exd4 11. cxd4 b5 12. Ne3 Bd7 13. b4 Na6 14. Rb1 Nc7 15. d5
cxd5 16. exd5 Rc8 17. Nd4 Na8 18. Nc6 Bxc6 19. dxc6 Nb6 20. Bb2 Qc7 21. Nd5
Nxd5 22. Qxd5 a6 23. Bxg7 Nxg7 24. g4 Rfe8 25. Rbd1 Rcd8 26. Rfe1 Ne6 27. Re4
Qb6 28. Rc1 Kf8 29. g5 Re7 30. Rh4 Kg8 31. Qd2 d5 32. Bh3 Nc7 33. Bd7 Re5 34.
Qf4 Re2 35. Rc5 Rf8 36. Qf6 Rxa2 37. Rc3 Ne6 38. Bxe6 fxe6 39. Qxe6+ Rf7 40.
Qe8+ Rf8 41. Qe6+ Rf7 42. Qe8+ 1/2-1/2

[Event "Cto Aragon Equipos 2016 Pref Gr I"]
[Site "Aragon"]
[Date "2016.03.12"]
[Round "7.32"]
[White "Galvez Longas, Isaac"]
[Black "Sarto Ramos, Angel"]
[Result "0-1"]
[WhiteElo "1715"]
[BlackElo "1880"]
[PlyCount "60"]
[EventDate "2016.??.??"]
[EventType "team-tourn"]
[EventRounds "9"]
[WhiteTeam "Ejea"]
[BlackTeam "El Olivar C"]

1. d4 g6 2. c4 Bg7 3. e4 c5 4. d5 d6 5. Bd3 Nf6 6. Ne2 O-O 7. Nbc3 e5 8. O-O
Nbd7 9. Bd2 h6 10. Qc1 Kh7 11. f4 exf4 12. Nxf4 Ne5 13. Be2 Qe7 14. h3 g5 15.
Nd3 Nxc4 16. Nf2 Nxd2 17. Qxd2 Nd7 18. Ng4 Ne5 19. Nxe5 Bxe5 20. Rf3 g4 21.
hxg4 Bxg4 22. Rxf7+ Rxf7 23. Bxg4 Bd4+ 24. Kh1 Qh4+ 25. Bh3 Rf2 26. Qd3 Be5 27.
Qb5 Raf8 28. Kg1 Bd4 29. Kh1 Rxg2 30. Kxg2 Rf2+ 0-1

[Event "Cto Aragon Equipos 2016 Pref Gr I"]
[Site "Aragon"]
[Date "2016.03.12"]
[Round "7.33"]
[White "Hinojar Basa, Alfonso"]
[Black "Accattato Martin, Nicola"]
[Result "1/2-1/2"]
[WhiteElo "2196"]
[BlackElo "2000"]
[PlyCount "72"]
[EventDate "2016.??.??"]
[EventType "team-tourn"]
[EventRounds "9"]
[WhiteTeam "Marcos Frechin"]
[BlackTeam "Monsalud"]

1. e4 d6 2. d4 Nf6 3. Nc3 Nbd7 4. Nf3 e5 5. Bc4 Be7 6. O-O O-O 7. Re1 c6 8. a4
b6 9. b3 a6 10. Bb2 Rb8 11. Bd3 b5 12. axb5 axb5 13. Ne2 Qc7 14. Ng3 g6 15. Qd2
Re8 16. Ra5 Bf8 17. Rea1 Bb7 18. Ra7 exd4 19. Nxd4 d5 20. exd5 Nxd5 21. c4 Qf4
22. Qxf4 Nxf4 23. Be4 Bc5 24. R7a2 bxc4 25. bxc4 Ne5 26. Nb3 Bb4 27. c5 f5 28.
Ra4 fxe4 29. Bxe5 Rxe5 30. Rxb4 Nd3 31. Rxe4 Rxe4 32. Nxe4 Bc8 33. Nbd2 Bf5 34.
f3 Rb5 35. g4 Bxe4 36. Nxe4 Nxc5 1/2-1/2

[Event "Cto Aragon Equipos 2016 Pref Gr I"]
[Site "Aragon"]
[Date "2016.03.12"]
[Round "7.35"]
[White "Moreno Martinez, Laura"]
[Black "Soriano Gracia, Manuel"]
[Result "0-1"]
[WhiteElo "1890"]
[BlackElo "1856"]
[PlyCount "104"]
[EventDate "2016.??.??"]
[EventType "team-tourn"]
[EventRounds "9"]
[WhiteTeam "Marcos Frechin"]
[BlackTeam "Monsalud"]

1. f4 d5 2. Nf3 c5 3. e3 Nc6 4. Be2 Nf6 5. d3 b6 6. O-O Bb7 7. Nc3 e6 8. Bd2
Be7 9. Ne5 Nd7 10. Nxc6 Bxc6 11. Bf3 Qc7 12. e4 d4 13. Ne2 h6 14. Ng3 O-O-O 15.
e5 Rdf8 16. c3 dxc3 17. bxc3 g5 18. d4 c4 19. f5 Ba3 20. f6 Qb7 21. Qe2 Bxf3
22. Rxf3 b5 23. Ne4 Qc6 24. Bc1 Bxc1 25. Rxc1 Nb6 26. Nd6+ Kc7 27. Rb1 a6 28.
Rb4 Nc8 29. Nxc4 g4 30. Rg3 h5 31. Nd2 Nb6 32. c4 bxc4 33. Nxc4 Nd5 34. Rb2 Rb8
35. Rc2 Rb1+ 36. Kf2 Kd7 37. Na3 Qb6 38. Nxb1 Qxd4+ 39. Ke1 Rb8 40. Nd2 Nf4 41.
Qc4 Qxe5+ 42. Qe4 Qa1+ 43. Kf2 Nd5 44. Qa4+ Kd8 45. Qa5+ Ke8 46. Qa4+ Kd8 47.
Ne4 Qe5 48. Qa5+ Ke8 49. Qd2 Qxe4 50. Rb3 Rd8 51. Qe2 Qf5+ 52. Kg1 Nf4 0-1

[Event "Cto Aragon Equipos 2016 Pref Gr I"]
[Site "Aragon"]
[Date "2016.03.12"]
[Round "7.36"]
[White "Moreno Martin-Viveros, Alvaro"]
[Black "Santos Morales, Julio Cesar"]
[Result "1/2-1/2"]
[WhiteElo "1777"]
[BlackElo "1851"]
[PlyCount "26"]
[EventDate "2016.??.??"]
[EventType "team-tourn"]
[EventRounds "9"]
[WhiteTeam "Monsalud"]
[BlackTeam "Marcos Frechin"]

1. b3 e5 2. Bb2 Nc6 3. e3 d6 4. Bb5 Bd7 5. Ne2 a6 6. Bd3 d5 7. Ng3 Nf6 8. O-O
Bd6 9. Nf5 Bf8 10. Ng3 Bd6 11. Nf5 Bf8 12. Ng3 Bd6 13. Nf5 Bf8 1/2-1/2

[Event "Cto Aragon Equipos 2016 Pref Gr I"]
[Site "Aragon"]
[Date "2016.03.12"]
[Round "7.37"]
[White "Hefty, Jorge W"]
[Black "Palacios Herrero, Pablo"]
[Result "1-0"]
[WhiteElo "2352"]
[BlackElo "2149"]
[PlyCount "67"]
[EventDate "2016.??.??"]
[EventType "team-tourn"]
[EventRounds "9"]
[WhiteTeam "IberCaja B"]
[BlackTeam "Palacio de Pioneros A"]

1. d4 f5 2. g3 Nf6 3. Bg2 g6 4. Nf3 Bg7 5. O-O O-O 6. c4 d6 7. Nc3 Qe8 8. Nd5
Na6 9. Nxf6+ Rxf6 10. e4 fxe4 11. Ng5 e5 12. Nxe4 Rf8 13. Re1 Qf7 14. dxe5 dxe5
15. Be3 c6 16. Qb3 h6 17. Nd6 Qe7 18. Rad1 Rd8 19. c5+ Be6 20. Qxb7 Qxb7 21.
Nxb7 Rxd1 22. Rxd1 Nb4 23. a3 Nd5 24. b4 Rc8 25. Na5 Kf7 26. Nxc6 Rxc6 27. Bxd5
Ra6 28. Bc1 Bxd5 29. Rxd5 Ke6 30. Rd1 Rc6 31. Bb2 Bf6 32. Kf1 Rc7 33. f4 Bg7
34. Rd6+ 1-0

[Event "Cto Aragon Equipos 2016 Pref Gr I"]
[Site "Aragon"]
[Date "2016.03.12"]
[Round "7.38"]
[White "Romero Pallares, Daniel"]
[Black "Jimenez Fernandez, Alejandro"]
[Result "1-0"]
[WhiteElo "2135"]
[BlackElo "1984"]
[PlyCount "27"]
[EventDate "2016.??.??"]
[EventType "team-tourn"]
[EventRounds "9"]
[WhiteTeam "Palacio de Pioneros A"]
[BlackTeam "IberCaja B"]

1. e4 c6 2. d3 d5 3. Nd2 e5 4. Ngf3 Bd6 5. d4 exd4 6. Bd3 Bg4 7. O-O Ne7 8. Re1
O-O 9. e5 Bxf3 10. Nxf3 Bb4 11. Bxh7+ Kh8 12. Qxd4 Bxe1 13. Qh4 Re8 14. Ng5 1-0

[Event "Cto Aragon Equipos 2016 Pref Gr I"]
[Site "Aragon"]
[Date "2016.03.12"]
[Round "7.39"]
[White "Eizaguerri Floris, Maria"]
[Black "Echarte Buil, Oscar"]
[Result "0-1"]
[WhiteElo "1906"]
[BlackElo "2118"]
[PlyCount "86"]
[EventDate "2016.??.??"]
[EventType "team-tourn"]
[EventRounds "9"]
[WhiteTeam "IberCaja B"]
[BlackTeam "Palacio de Pioneros A"]

1. e4 c5 2. c3 g6 3. d4 cxd4 4. cxd4 d5 5. e5 Nc6 6. Bb5 a6 7. Bxc6+ bxc6 8.
Nc3 Nh6 9. Nge2 f6 10. exf6 exf6 11. O-O Nf5 12. Re1 Kf7 13. Ng3 Bd6 14. Nxf5
Bxf5 15. Qf3 Qd7 16. Bf4 Bxf4 17. Qxf4 Rhe8 18. Na4 g5 19. Qg3 Rxe1+ 20. Rxe1
Re8 21. Rc1 Re2 22. h3 Rd2 23. Qc3 Rd3 24. Qxc6 Rxd4 25. Qxd7+ Bxd7 26. Nc5 Bb5
27. Rc2 Rd1+ 28. Kh2 d4 29. b3 d3 30. Rb2 Rc1 31. a4 Rxc5 32. axb5 Rc2 33. Rb1
axb5 34. Rd1 Rc3 35. b4 Ke6 36. Kg3 Ke5 37. Kf3 Kd4 38. Kg4 Rc2 39. Kf3 Kc3 40.
Ke3 Re2+ 41. Kf3 Re5 42. g4 d2 43. Ra1 Re1 0-1

[Event "Cto Aragon Equipos 2016 Pref Gr I"]
[Site "Aragon"]
[Date "2016.03.12"]
[Round "7.40"]
[White "Baquedano Coarasa, Pablo"]
[Black "Millan Martin, Alfonso"]
[Result "0-1"]
[WhiteElo "2031"]
[BlackElo "1750"]
[PlyCount "94"]
[EventDate "2016.??.??"]
[EventType "team-tourn"]
[EventRounds "9"]
[WhiteTeam "Palacio de Pioneros A"]
[BlackTeam "IberCaja B"]

1. d4 d5 2. c4 c6 3. Nc3 Nf6 4. e3 e6 5. Nf3 Be7 6. Qc2 O-O 7. Be2 dxc4 8. Bxc4
b5 9. Bd3 Bb7 10. O-O a6 11. Ng5 h6 12. Nge4 Nbd7 13. Bd2 c5 14. a3 cxd4 15.
exd4 Nb6 16. Be3 Rc8 17. Nc5 Qc7 18. f3 Nbd5 19. Nxd5 Nxd5 20. Bf2 Rfd8 21.
Rfd1 Qb6 22. Rac1 Bg5 23. Be4 Bxc1 24. Rxc1 b4 25. Qb3 Bc6 26. a4 Nf6 27. Bxc6
Rxc6 28. Rc4 a5 29. h4 Rd5 30. Qc2 Qc7 31. Qc1 Nd7 32. b3 Nxc5 33. dxc5 Qd7 34.
Qf4 Rd3 35. Rd4 Rd1+ 36. Kh2 Rxd4 37. Bxd4 Qd5 38. Qe3 e5 39. Qxe5 Qxe5+ 40.
Bxe5 Rxc5 41. Bd4 Rd5 42. Bb6 Rd3 43. Bxa5 Rxb3 44. Kg3 Rb2 45. Bb6 Ra2 46. a5
b3 47. Bd4 b2 0-1